LIBRARY ONLINE CATALOGUE

Medical parasitology / (Record no. 11533)

MARC details
000 -LEADER
fixed length control field 00630nam a22002172 4500
001 - CONTROL NUMBER
control field 0000024372
005 - DATE AND TIME OF LATEST TRANSACTION
control field 20151217154510.0
008 - FIXED-LENGTH DATA ELEMENTS--GENERAL INFORMATION
fixed length control field 130909s xx 000 0 eng d
020 ## - INTERNATIONAL STANDARD BOOK NUMBER
International Standard Book Number 8123918501 :
040 ## - CATALOGING SOURCE
Original cataloging agency KABU
Transcribing agency KABU
100 1# - MAIN ENTRY--PERSONAL NAME
Personal name Arora, D. R.
-- 0000179516
245 10 - TITLE STATEMENT
Title Medical parasitology /
Statement of responsibility, etc. D. R. Arora, Brij Bala Arora.
250 ## - EDITION STATEMENT
Edition statement 3rd ed.
260 ## - PUBLICATION, DISTRIBUTION, ETC. (IMPRINT)
Place of publication, distribution, etc. New Delhi :
Name of publisher, distributor, etc. CBS,
Date of publication, distribution, etc. 2010.
300 ## - PHYSICAL DESCRIPTION
Extent xvi, 271 p.
650 #0 - SUBJECT ADDED ENTRY--TOPICAL TERM
Topical term or geographic name as entry element Medical parasitology.
-- 0000179517
700 1# - ADDED ENTRY--PERSONAL NAME
Personal name Arora, Brij Bala.
-- 0000184402
852 1# - LOCATION
-- p1334 KES
908 ## - PUT COMMAND PARAMETER (RLIN)
Put command parameter 130909
950 ## - LOCAL HOLDINGS (RLIN)
-- 1
Holdings
Withdrawn status Lost status Source of classification or shelving scheme Not for loan Home library Current library Date acquired Total Checkouts Total Renewals Full call number Barcode Date last seen Date last checked out Price effective from Koha item type
    Library of Congress Classification   Kabarak, Main Campus Kabarak, Main Campus 17/12/2015 13 4 QR251 .A76 2010 c. 2 016080 30/06/2017 05/06/2017 17/12/2015 General Collection
    Library of Congress Classification   Kabarak, Main Campus Kabarak, Main Campus 17/12/2015 49 3 QR251 .A76 2010 c. 1 016081 10/06/2026 26/05/2026 17/12/2015 General Collection